Persecution and suffering : Christian reflections and responses (Record no. 22972)

MARC details
000 -LEADER
fixed length control field 00414nam a22001457a 4500
020 ## - INTERNATIONAL STANDARD BOOK NUMBER
ISBN 918172146655
082 ## - DEWEY DECIMAL CLASSIFICATION NUMBER
Classification number 240
Author Cutter LAI
100 ## - MAIN ENTRY--AUTHOR NAME
Author name Mark T B Laing;
245 ## - TITLE STATEMENT
Title Persecution and suffering : Christian reflections and responses
260 ## - PUBLICATION, DISTRIBUTION, ETC. (IMPRINT)
Place of publication Delhi
Name of publisher ISPCK
Year of publication 2007
300 ## - PHYSICAL DESCRIPTION
Number of Pages 137
650 ## - SUBJECT ADDED ENTRY--TOPICAL TERM
Topical Term Persecution -- India -- Congresses.
-- Suffering -- Religious aspects -- Congresses.
942 ## - ADDED ENTRY ELEMENTS (KOHA)
Koha item type Books
Holdings
Home library Current library Shelving location Date acquired Source of acquisition Cost, normal purchase price Full call number Accession Number Koha item type
Henry Martyn Institute Library Henry Martyn Institute Library General stacks 06/12/2020 ISPCK 110.00 240 LAI 11004345 Books
Henry Martyn Institute Library Henry Martyn Institute Library General stacks 06/12/2020 ISPCK 110.00 240 LAI 11004346 Books
                   Copyright © 2026 | Henry Martyn Institute | Hyderabad | TS-500052 | INDIA | Implemented by hmi.edu.in
Hit-Count:

Powered by Koha